Top 3 Largest Cities by End Letter According to Citypopulation - Statistics

General Stats
  • This quiz has been taken 48 times
    5 since last reset
  • The average score is 45 of 64
Answer Stats
Letter City % Correct
D Ahmedabad
100%
G Beijing
100%
M Birmingham
100%
O Cairo
100%
I Delhi
100%
A Dhaka
100%
U Guangzhou
100%
D Hyderabad
100%
L Istanbul
100%
A Jakarta
100%
H Jeddah
100%
M Khartoum
100%
R Kuala Lumpur
100%
S Lagos
100%
N London
100%
S Los Angeles
100%
A Manila
100%
W Moscow
100%
I Mumbai
100%
K New York
100%
X Phoenix
100%
H Riyadh
100%
O Sao Paulo
100%
I Shanghai
100%
O Tokyo
100%
W Warsaw
100%
D Baghdad
67%
K Bangkok
67%
U Bengaluru
67%
X Bordeaux
67%
S Buenos Aires
67%
U Chengdu
67%
G Chongqing
67%
M Dar es Salaam
67%
T Detroit
67%
P Gaziantep
67%
Y Ho Chi Minh City
67%
R Jaipur
67%
G Johannesburg
67%
V Kharkiv
67%
V Kyiv
67%
E Lahore
67%
W Lucknow
67%
R Manchester
67%
Y Mexico City
67%
Y Monterrey
67%
L Seoul
67%
Z Shiraz
67%
E Singapore
67%
T Tashkent
67%
N Tehran
67%
P Antwerp
33%
L Kabul
33%
F Najaf
33%
Z Santa Cruz
33%
T Surat
33%
Z Tabriz
33%
V Tel Aviv
33%
N Xiamen
33%
F Al Hofuf
0%
K Nashik
0%
H Phnom Penh
0%
J Prayagraj
0%
E Pune
0%
No matching quizzes found
Score Distribution
Percent of People with Each Score
Percentile by Number Answered
Your Score History
You have not taken this quiz since the last reset